000
00306nam a22001217a 4500
020
_a
9781107038189
082
_a
320.5570
100
_a
Iqbal Singh Sevea
245
_a
The Political Philosophy of Muhammad Iqbal
260
_a
New delhi
_b
Cambridge university press
_c
2012.
300
_a
234p
942
_c
BK
999
_c
2675
_d
2675